| 000 | 00399cam a22001337a 4500 | ||
|---|---|---|---|
| 008 | 180718b1967 xxu||||| |||| 00| 0 eng d | ||
| 082 | _aZ2x54 B469/67 | ||
| 100 | _aBhatia, B.M. | ||
| 245 |
_aFamines in India: a study in some aspects of the economic history of India, 1860-1965 _cby B.M. Bhatia |
||
| 250 | _a2nd ed. | ||
| 260 |
_aBombay _bAsia _c1967 |
||
| 300 | _a389p. | ||
| 650 | _aIndia --Famines | ||
| 999 |
_c359537 _d359537 |
||